| 000 | 01734nas a2200385 c 4500 | ||
|---|---|---|---|
| 001 | 25203 | ||
| 003 | ES-MaCES | ||
| 005 | 20250327124301.0 | ||
| 007 | cr ||||||||||| | ||
| 008 | 931207c1900 sp q| | 0spa d | ||
| 022 | 1 | _a0210-9107 | |
| 035 |
_aCES19980001832p _z10187 |
||
| 040 |
_aES-MaCES _bspa _cES-MaCES |
||
| 245 | 0 | 0 | _aPapeles de economía española |
| 260 |
_aMadrid (Padre Damián, 48, 28036) _bFundación Fondo para la Investigación Económica y Social, Obra Social de la Confederación Española de Cajas de Ahorros |
||
| 300 |
_av. _c28 cm |
||
| 310 | _aTrimestral | ||
| 500 | _aCerrada la suscripción de la ed. impresa, continua ed. electrónica | ||
| 500 | _aDescripción basada en: n. 54 (1993) | ||
| 541 | _cCompra | ||
| 580 | _aA partir de dic. 2012 absorbe a PERSPECTIVAS DEL SISTEMA FINANCIERO, publicando un n. monográfico anual o suplemento que integrará sus contenidos | ||
| 650 | 4 |
_aeconomía _926781 |
|
| 653 | 1 | 0 | _aEconomía |
| 710 | 2 |
_aConfederación Española de Cajas de Ahorros _bObra Social _eed. _92251 |
|
| 710 | 2 |
_aFundación Fondo para la Investigación Económica y Social _eed. _93824 |
|
| 780 | 0 | 5 |
_tPerspectivas del sistema financiero _w(ES-MaCES)26066 |
| 853 | 2 | 1 |
_bn. _iaño _vc _wq |
| 854 | 2 | 1 |
_bsupl. al n. _iaño _vr _wx |
| 856 | 4 |
_uhttps://www.funcas.es/publicaciones/revistas/papeles-de-economia/listado-papeles-de-economia/ _ytexto completo desde n. 1 (1979) |
|
| 866 | 0 |
_a(1980-1981)1982-1983(1984-1985)1986(1987)1990(1991,1992)1993-2019(2020)2021- _zUbicación: DEPÓSITO - 10187 _zUbicación: SALA - REV.-0.0.-25 |
|
| 905 |
_1Boletín A _fP-OL _kSÍ _nPapEcoEsp _pA |
||
| 942 |
_2CES _cCR _h0.0. |
||
| 999 |
_c25203 _d25203 |
||